| 000 | 00347nam a2200133Ia 4500 | ||
|---|---|---|---|
| 008 | 240624s9999 xx 000 0 und d | ||
| 041 | _aeng | ||
| 082 | _a658.3128 HBP | ||
| 100 | _aHARVARD BUSINESS PRESS | ||
| 245 | _aDELEGATING WORK | ||
| 260 |
_c2008 _aNew Delhi _bHarvard Business Press |
||
| 300 | _ax, : 77 : p. : cm. ; 17 | ||
| 365 |
_cRS _b25 |
||
| 999 |
_c23332 _d23332 |
||